Functions, statistics and trigonometry projects; School of Mathematics , Uni of Chicago (Record no. 290765)

000 -LEADER
fixed length control field 00281 a2200097 4500
001 - CONTROL NUMBER
control field 55692
090 ## - LOCALLY ASSIGNED LC-TYPE CALL NUMBER (OCLC); LOCAL CALL NUMBER (RLIN)
-- 34579
-- 34579
100 ## - MAIN ENTRY--PERSONAL NAME
Personal name
245 ## - TITLE STATEMENT
Title Functions, statistics and trigonometry projects; School of Mathematics , Uni of Chicago
260 ## - PUBLICATION, DISTRIBUTION, ETC.
Place of publication, distribution, etc. Illionis
Name of publisher, distributor, etc. Sciecne edt
Date of publication, distribution, etc. 1992
942 ## - ADDED ENTRY ELEMENTS (KOHA)
Institution code [OBSOLETE] NUST-CAE
Koha item type
--
Holdings
Withdrawn status Lost status Damaged status Not for loan Collection code Permanent Location Current Location Date acquired Total Checkouts Barcode Date last seen Price effective from Koha item type
          College of Aeronautical Engineering (CAE) College of Aeronautical Engineering (CAE) 04/03/2017   CAEN-1107 04/05/2017 04/05/2017 Book
© 2023 Central Library, National University of Sciences and Technology. All Rights Reserved.